banner-ar

UNDERSTANDING COMPARATIVE POLITICS: A FRAMEWORK FOR ANAYLSIS / (Record no. 14101)

MARC details
000 -الفاتح
حقل البيانات ثابتة الطول 00376nam a2200133Ia 4500
008 - عناصر البيانات ثابتة الطول - معلومات عامة
حقل البيانات ثابتة الطول 140319s9999 xx 000 0 eng d
040 ## - مصدر الفهرسة
وكالة الفهرسة الأصلية GCL /
وكالة النسخ GCL
082 04 - رقم تصنيف ديوى العشرى
رقم التصنيف 320.3
رقم المادة K U
100 1# - المدخل الرئيسى - إسم شخصى
الإسم الشخصى KAMRAVA, MEBRAN
245 10 - بيان العنوان
العنوان UNDERSTANDING COMPARATIVE POLITICS: A FRAMEWORK FOR ANAYLSIS /
بيان المسئوليه,etc KAMRAVA, MEBRAN
260 ## - PUBLICATION, DISTRIBUTION, ETC. (IMPRINT)
تاريخ النشر أو التوزيع 1996
300 ## - الوصف المادى
التعداد 223 P
260 ## - PUBLICATION, DISTRIBUTION, ETC. (IMPRINT)
-- [S.N] :
-- ROUTLEDGE ،
Holdings
حالة التراجع حالة الفقد حالة تلف ليس للاعارة المكان المؤقت الموقع الحالى تاريخ الاكتساب اجمالي اﻻعارات رقم الطلب الباركود تاريخ اخر مشاهدة تاريخ تفعيل السعر نوع وعاء كوها
        مكتبة القاهرة الكبرى مكتبة القاهرة الكبرى 03/26/2014   320.3\K U 26573 03/26/2014 03/26/2014 كتاب

Powered By

EGPV